Harry Potter Character Name Mix-Up Quiz Stats

 Plays Quiz Updated Jun 22, 2017

Support Sporcle.
Go Orange.
Score 0/14 Timer 01:30
4 Plays Today
% Correct
Ginny Granger
96.4%
Harry Weasley
95.6%
James Dumbledore
94.9%
Cho Diggory
94.6%
Padma Malfoy
93.7%
Severus Umbridge
92.8%
Sirius Lupin
92.5%
% Correct
Seamus Longbottom
92.2%
Pansy Lestrange
92.2%
Minerva Hagrid
91.5%
Aberforth Weasley
90.7%
Tom Slughorn
89.1%
Vincent Goyle
84.4%
Penelope Thomas
84.2%

You're not logged in!

Compare scores with friends on all Sporcle quizzes.
OR
Log In
Forgot?

From the Vault

'E' Entertainment Images

by druhutch

Sometimes the letter E reminds us of a comb, but honestly, if E were a comb, it would be the worst comb.
Remove Ads.
Support Sporcle.
Get the best of Sporcle when you Go Orange. This ad-free experience offers more features, more stats, and more fun while also helping to support Sporcle. Thank you for becoming a member.

Show Comments

Extras

Top Quizzes Today


Score Distribution

Your Account Isn't Verified!

In order to create a playlist on Sporcle, you need to verify the email address you used during registration. Go to your Sporcle Settings to finish the process.

Report this User

Report this user for behavior that violates our Community Guidelines.

Details: